Metody rešenija nekorrektnych zadač /

Salvato in:
Dettagli Bibliografici
Autori principali: Tichonov, A.N (Autore), Arsenin, V.Ja (Autore)
Natura: Libro
Lingua:russo
Pubblicazione: Moskva : Nauka, 1986
Edizione:3.izpr.izd.
Tags: Aggiungi Tag
Nessun Tag, puoi essere il primo ad aggiungerne!!

MARC

LEADER 00000nam a22000003a 4500
001 stu6540
005 20150617225807.7
008 950315s1986----xxr-----------------rus-d
040 |a STU  |b slo 
041 0 |a rus 
044 |a xxr 
080 |a 517.983.54  |7 stu_us_auth*stu7067 
080 |a 519.6 
100 1 |a Tichonov, A.N  |4 aut 
245 1 |a Metody rešenija nekorrektnych zadač /  |c [aut.] Tichonov,A.N.; Arsenin,V.Ja 
250 |a 3.izpr.izd. 
260 |a Moskva :  |b Nauka,  |c 1986 
300 |a 286 s 
700 1 |a Arsenin, V.Ja  |4 aut 
996 |b E60840  |c E*60840  |l EE03  |s P  |a 0  |w stu6540_0002